| 000 | 00619nam a2200217 i 4500 | ||
|---|---|---|---|
| 001 | 38556 | ||
| 003 | ES-MaACL | ||
| 005 | 20230906155758.0 | ||
| 007 | t| | ||
| 008 | 030225s1963 sp ||||1| spa d | ||
| 080 | _a820-32"19" | ||
| 100 | 1 |
_aCaldwell, Erskine. _933643 |
|
| 245 | 1 | 0 |
_aMujeres y hombres / _cErskine Caldwell ; traducción de Jorge E. Jenkins. |
| 260 |
_aBarcelona : _bMateu, _c[1963] |
||
| 300 |
_a255 p. ; _c18 cm. |
||
| 490 | 1 |
_aTodo para muchos ; _v91 |
|
| 700 | 1 |
_aJenkins, Jorge E. _966300 |
|
| 830 | 1 |
_aTodo para muchos ; _v91 _9181717 |
|
| 852 | 4 |
_aES-MaACL _jC-23938 |
|
| 999 |
_c38556 _d38556 |
||